|
|
|
|
| LEADER |
00893nam a22002537a 4500 |
| 001 |
AAL8720 |
| 003 |
BD-DhAAL |
| 005 |
20170426142113.0 |
| 008 |
170426s 2005-uk||||| |||| 001 0 eng d |
| 999 |
|
|
|c 38093
|d 38093
|
| 040 |
|
|
|a BD-DhAAL
|d BD-DhAAL
|
| 082 |
|
|
|a 813.54
|
| 100 |
|
|
|a Sheldon, Sidney
|9 21357
|
| 245 |
|
|
|a The other side of me /
|c Sidney Sheldon.
|
| 260 |
|
|
|a London :
|b HarperCollins,
|c 2005.
|
| 300 |
|
|
|a 368 p. ;
|c 18 cm.
|
| 500 |
|
|
|a Includes index.
|
| 541 |
|
|
|e 8720
|
| 600 |
|
|
|a Sheldon, Sidney.
|9 21358
|
| 650 |
|
|
|a Television writers--
|x Biography.
|z United States
|9 21359
|
| 651 |
|
|
|a Novelists, American
|x Biography
|y 20th century
|9 21360
|
| 852 |
|
|
|a Savar Campus Library
|c General Shelf
|
| 942 |
|
|
|2 ddc
|c BK
|
| 952 |
|
|
|0 0
|1 0
|2 ddc
|4 0
|6 813_540000000000000_SHE
|7 0
|9 60456
|a SCL
|b SCL
|c GEN
|d 2017-04-26
|l 10
|m 46
|o 813.54 SHE
|p 3020008720
|r 2025-04-13
|s 2025-03-20
|t 1
|w 2017-04-26
|y BK
|